01143nam a2200217 a 450000100060000000300090000600800410001502000150005604000280007108200170009910000390011624500470015526000330020230000190023550504020025459000470065665000410070394200120074499900170075695201520077316780CO-ViMGA141112s2004 ck r 000 u spa d a8428327904 aCO-ViMGAbspacCO-ViMGA04a647.94 S738i1 aStewart Weissinger, Suzanne92373510aIntroducción a las actividades Hoteleras aMadrid : bParaninfo, c2001 a184p.il, fotos aAlojamientos El Negocio Hotelero y tú Clasificación de las instalaciones de alojamiento Actividades de recepción : reservas Actividades de recepción : Equipajes, registro Actividades de recepción contabilidad y salidas Servicio de pisos, mantenimiento tecnico y seguridad EL departamento de restauración Planificación de ventas y reuniones Alojamiento : referencias y clasificaciones aForma de adquisición : Premio Mincultura14aHOTELERIA, TRATADOS, MANUALES923736 2ddccBK c26437d26437 00102ddc40708002aMEVIECARbMEVIECARd2015-12-04hVolumen. 1 | 11/jun/2009l0o647.94 S738i p16780r2015-12-04 00:00:00tEj. 1w2015-12-04yBK